Live While We're Young - One Direction (All lyrics) - Statistics

General Stats
  • This quiz has been taken 181 times
  • The average score is 293 of 319
Answer Stats
Lyrics % Correct
you
100%
a
99%
and
99%
And
99%
we
99%
We
99%
we're
99%
We're
99%
I
98%
let
98%
me
98%
to
98%
get
97%
live
97%
on
97%
so
97%
The
97%
the
97%
while
97%
young
97%
go
96%
Let's
96%
let's
96%
tonight
96%
Tonight
96%
never
95%
see
95%
some
95%
crazy
94%
Crazy
94%
know
94%
sun
94%
it
93%
til
93%
do
92%
girl
92%
it's
92%
pretend
92%
for
91%
only
90%
Yeah
90%
yeah
90%
Hey
89%
anyone
88%
what
88%
but
87%
I'm
87%
met
87%
now
86%
stop
86%
waiting
86%
love
85%
that
85%
Come
84%
have
84%
or
84%
out
84%
we'll
84%
celebration
82%
doing
82%
be
81%
cool
81%
don't
81%
Don't
81%
Just
81%
just
81%
together
80%
too
80%
oh
79%
pretending
79%
down
78%
Wanna
76%
wanna
76%
window's
76%
make
75%
your
75%
memories
74%
pictures
73%
up
73%
keep
71%
music
71%
phone
70%
leave
69%
about
68%
if
68%
sneak
68%
want
62%
overthink
43%
konw
4%
No matching quizzes found
Score Distribution
Percent of People with Each Score
Percentile by Number Answered
Your Score History
You have not taken this quiz